4x4 Random Addition Table (Part 1) - Statistics

General Stats
  • This quiz has been taken 90 times
  • The average score is 14 of 16
Answer Stats
Answer % Correct
28
100%
35
99%
37
99%
47
99%
53
99%
44
97%
56
97%
62
97%
55
85%
62
81%
74
78%
64
76%
80
75%
71
66%
83
63%
89
63%
No matching quizzes found
Score Distribution
Percent of People with Each Score
Percentile by Number Answered
Your Score History
You have not taken this quiz